[Event "Women's World Team Chess Championship"]
[Site "Khanty-Mansiysk, RUS."]
[Date "2017.06.21"]
[Round "5.18"]
[White "Mammadzada Gunay (AZE)"]
[Black "Vo Thi Kim Phung (VIE)"]
[Result "1/2-1/2"]
[BlackElo "2378"]
[WhiteElo "2368"]
[LiveChessVersion "1.4.8"]

1. e4 {[%clk 1:30:56]} e6 {[%clk 1:30:44]} 2. d4 {[%clk 1:31:21]} d5
{[%clk 1:31:06]} 3. Nd2 {[%clk 1:31:42]} Nf6 {[%clk 1:31:22]} 4. e5
{[%clk 1:32:02]} Nfd7 {[%clk 1:31:35]} 5. Bd3 {[%clk 1:32:30]} c5
{[%clk 1:31:42]} 6. c3 {[%clk 1:32:58]} Nc6 {[%clk 1:32:03]} 7. Ne2
{[%clk 1:33:26]} cxd4 {[%clk 1:32:07]} 8. cxd4 {[%clk 1:33:51]} f6
{[%clk 1:32:30]} 9. exf6 {[%clk 1:34:09]} Nxf6 {[%clk 1:32:54]} 10. Nf3
{[%clk 1:34:35]} Bd6 {[%clk 1:33:15]} 11. O-O {[%clk 1:34:52]} Qc7
{[%clk 1:33:37]} 12. h3 {[%clk 1:34:53]} O-O {[%clk 1:33:46]} 13. Be3
{[%clk 1:35:14]} Bd7 {[%clk 1:33:53]} 14. Re1 {[%clk 1:35:24]} Nb4
{[%clk 1:20:00]} 15. Rc1 {[%clk 1:28:39]} Qa5 {[%clk 1:19:31]} 16. Qd2
{[%clk 1:27:55]} Qd8 {[%clk 1:03:19]} 17. Bb1 {[%clk 1:04:08]} Ne4
{[%clk 1:01:32]} 18. Qd1 {[%clk 1:02:41]} Nf6 {[%clk 0:45:59]} 19. Ne5
{[%clk 0:54:51]} Nc6 {[%clk 0:41:56]} 20. f4 {[%clk 0:53:37]} Qb6
{[%clk 0:38:49]} 21. Qd2 {[%clk 0:51:34]} Ne7 {[%clk 0:36:15]} 22. Nc3
{[%clk 0:49:41]} Be8 {[%clk 0:33:42]} 23. a3 {[%clk 0:42:57]} Rc8
{[%clk 0:29:13]} 24. Bf2 {[%clk 0:36:18]} Nh5 {[%clk 0:25:44]} 25. g3
{[%clk 0:36:22]} g6 {[%clk 0:24:47]} 26. Kg2 {[%clk 0:32:26]} Rc7
{[%clk 0:24:25]} 27. Bd3 {[%clk 0:25:59]} Qb3 {[%clk 0:22:40]} 28. Be2
{[%clk 0:24:30]} Ng7 {[%clk 0:21:44]} 29. Nd3 {[%clk 0:23:04]} Qb6
{[%clk 0:17:43]} 30. Nc5 {[%clk 0:20:52]} a6 {[%clk 0:17:18]} 31. Bg4
{[%clk 0:20:00]} Bxc5 {[%clk 0:15:07]} 32. dxc5 {[%clk 0:20:16]} Qc6
{[%clk 0:15:28]} 33. Ne2 {[%clk 0:15:56]} Qd7 {[%clk 0:11:38]} 34. Nd4
{[%clk 0:14:12]} Bf7 {[%clk 0:11:37]} 35. Nf3 {[%clk 0:11:38]} Nc6
{[%clk 0:11:11]} 36. Ne5 {[%clk 0:10:27]} Nxe5 {[%clk 0:09:26]} 37. Rxe5
{[%clk 0:10:55]} Nf5 {[%clk 0:04:44]} 38. Rce1 {[%clk 0:09:27]} d4
{[%clk 0:04:37]} 39. Bf3 {[%clk 0:06:57]} Rd8 {[%clk 0:02:25]} 40. Rd1
{[%clk 0:34:57]} Qa4 {[%clk 0:31:33]} 41. Qe2 {[%clk 0:26:01]} Be8
{[%clk 0:25:24]} 42. g4 {[%clk 0:22:22]} Bb5 {[%clk 0:25:14]} 43. Qe1
{[%clk 0:20:38]} Ng7 {[%clk 0:24:10]} 44. Re4 {[%clk 0:17:37]} Rcd7
{[%clk 0:19:45]} 45. b3 {[%clk 0:08:44]} Qxb3 {[%clk 0:19:00]} 46. Rexd4
{[%clk 0:09:04]} Rxd4 {[%clk 0:12:52]} 47. Rxd4 {[%clk 0:09:32]} Rxd4
{[%clk 0:13:14]} 48. Bxd4 {[%clk 0:09:57]} Bc6 {[%clk 0:13:37]} 49. Bxc6
{[%clk 0:10:12]} bxc6 {[%clk 0:14:02]} 50. Qe5 {[%clk 0:10:36]} Qd5+
{[%clk 0:13:55]} 51. Kf2 {[%clk 0:10:51]} Qxe5 {[%clk 0:13:01]} 52. Bxe5
{[%clk 0:11:10]} h5 {[%clk 0:08:17]} 53. Ke3 {[%clk 0:06:40]} hxg4
{[%clk 0:06:41]} 54. hxg4 {[%clk 0:07:09]} Ne8 {[%clk 0:07:09]} 55. Kd3
{[%clk 0:06:19]} Kf7 {[%clk 0:07:25]} 56. g5 {[%clk 0:04:07]} Ke7
{[%clk 0:07:43]} 57. Kc4 {[%clk 0:03:58]} Kd7 {[%clk 0:08:07]} 58. a4
{[%clk 0:02:13]} Kc8 {[%clk 0:08:14]} 59. Kd4 {[%clk 0:02:00]} Kd7
{[%clk 0:08:34]} 60. Kc4 {[%clk 0:01:17]} Kc8 {[%clk 0:09:02]} 61. Kb4
{[%clk 0:01:35]} Kb7 {[%clk 0:09:22]} 1/2-1/2

[Event "Women's World Team Chess Championship"]
[Site "Khanty-Mansiysk, RUS."]
[Date "2017.06.21"]
[Round "5.19"]
[White "Nguyen Thi Mai Hung (VIE)"]
[Black "Mammadova Gulnar (AZE)"]
[Result "1-0"]
[BlackElo "2362"]
[WhiteElo "2301"]
[LiveChessVersion "1.4.8"]

1. d4 {[%clk 1:30:55]} d5 {[%clk 1:30:46]} 2. Bf4 {[%clk 1:31:15]} Nf6
{[%clk 1:31:02]} 3. e3 {[%clk 1:31:39]} c5 {[%clk 1:31:16]} 4. Nf3
{[%clk 1:31:58]} Nc6 {[%clk 1:31:34]} 5. Nbd2 {[%clk 1:31:45]} cxd4
{[%clk 1:28:32]} 6. exd4 {[%clk 1:32:02]} Bf5 {[%clk 1:26:59]} 7. c3
{[%clk 1:31:30]} Qb6 {[%clk 1:23:12]} 8. Qb3 {[%clk 1:27:40]} Nd7
{[%clk 1:18:39]} 9. Be2 {[%clk 1:21:58]} Qxb3 {[%clk 1:11:39]} 10. axb3
{[%clk 1:17:47]} f6 {[%clk 1:11:52]} 11. Bb5 {[%clk 1:01:44]} g5 {[%clk 1:09:51]}
12. Bg3 {[%clk 1:01:26]} h5 {[%clk 1:03:30]} 13. h3 {[%clk 0:57:25]} Bh6
{[%clk 1:01:59]} 14. b4 {[%clk 0:56:22]} Kf7 {[%clk 0:57:01]} 15. Nb3
{[%clk 0:52:27]} Rhc8 {[%clk 0:49:52]} 16. O-O {[%clk 0:50:39]} a6
{[%clk 0:46:24]} 17. Be2 {[%clk 0:38:12]} Bg6 {[%clk 0:35:42]} 18. Ne1
{[%clk 0:25:56]} h4 {[%clk 0:30:20]} 19. Bh2 {[%clk 0:26:11]} e5 {[%clk 0:29:07]}
20. dxe5 {[%clk 0:24:33]} fxe5 {[%clk 0:28:27]} 21. Na5 {[%clk 0:16:02]} Nxa5
{[%clk 0:24:19]} 22. Rxa5 {[%clk 0:16:19]} b5 {[%clk 0:23:32]} 23. Bg4
{[%clk 0:15:12]} Rd8 {[%clk 0:16:57]} 24. Nf3 {[%clk 0:14:43]} e4
{[%clk 0:15:55]} 25. Nd4 {[%clk 0:14:55]} Nf8 {[%clk 0:11:23]} 26. Rfa1
{[%clk 0:14:35]} Bg7 {[%clk 0:10:30]} 27. Nxb5 {[%clk 0:13:26]} d4
{[%clk 0:08:42]} 28. cxd4 {[%clk 0:10:48]} Rab8 {[%clk 0:06:44]} 29. Bxb8
{[%clk 0:10:36]} Rxb8 {[%clk 0:07:13]} 30. Nd6+ {[%clk 0:10:09]} Ke7
{[%clk 0:07:39]} 31. Rxa6 {[%clk 0:09:35]} Rxb4 {[%clk 0:07:51]} 32. Ra7+
{[%clk 0:08:30]} Kxd6 {[%clk 0:06:42]} 33. Rxg7 {[%clk 0:08:47]} 1-0

[Event "Women's World Team Chess Championship"]
[Site "Khanty-Mansiysk, RUS."]
[Date "2017.06.21"]
[Round "5.20"]
[White "Fataliyeva Ulviyya (AZE)"]
[Black "Luong Phuong Hanh (VIE)"]
[Result "1-0"]
[BlackElo "2208"]
[WhiteElo "2341"]
[LiveChessVersion "1.4.8"]

1. e4 {[%clk 1:30:59]} c5 {[%clk 1:30:55]} 2. Nf3 {[%clk 1:31:27]} e6
{[%clk 1:31:11]} 3. d4 {[%clk 1:31:55]} cxd4 {[%clk 1:31:21]} 4. Nxd4
{[%clk 1:32:23]} a6 {[%clk 1:31:40]} 5. c4 {[%clk 1:32:51]} Nf6 {[%clk 1:31:45]}
6. Nc3 {[%clk 1:33:19]} Qc7 {[%clk 1:31:54]} 7. a3 {[%clk 1:33:34]} b6
{[%clk 1:31:38]} 8. Be2 {[%clk 1:32:23]} Bb7 {[%clk 1:31:13]} 9. f3
{[%clk 1:32:42]} Be7 {[%clk 1:29:11]} 10. Be3 {[%clk 1:32:54]} O-O
{[%clk 1:27:26]} 11. Qd2 {[%clk 1:33:10]} d6 {[%clk 1:20:23]} 12. O-O
{[%clk 1:33:17]} Nbd7 {[%clk 1:20:20]} 13. b4 {[%clk 1:31:23]} Ne5
{[%clk 1:16:21]} 14. Rac1 {[%clk 1:31:14]} Rac8 {[%clk 1:15:55]} 15. Na4
{[%clk 1:31:09]} Nfd7 {[%clk 1:14:06]} 16. Nb3 {[%clk 1:26:42]} Qd8
{[%clk 1:06:00]} 17. Nb2 {[%clk 1:22:53]} Nf6 {[%clk 1:02:27]} 18. Kh1
{[%clk 1:20:59]} Bc6 {[%clk 0:51:34]} 19. a4 {[%clk 1:19:18]} Rb8
{[%clk 0:48:40]} 20. Rc2 {[%clk 1:13:13]} Ba8 {[%clk 0:47:02]} 21. Rd1
{[%clk 1:11:47]} Qc7 {[%clk 0:45:22]} 22. a5 {[%clk 1:09:36]} bxa5
{[%clk 0:45:13]} 23. Nxa5 {[%clk 1:09:11]} Rfc8 {[%clk 0:40:36]} 24. Rdc1
{[%clk 1:02:26]} Qd8 {[%clk 0:35:59]} 25. Ba7 {[%clk 0:59:16]} Nxe4
{[%clk 0:11:48]} 26. fxe4 {[%clk 0:55:14]} Bg5 {[%clk 0:11:58]} 27. Be3
{[%clk 0:39:13]} Bxe3 {[%clk 0:12:21]} 28. Qxe3 {[%clk 0:39:40]} Rxb4
{[%clk 0:12:47]} 29. Qa3 {[%clk 0:31:14]} Rcb8 {[%clk 0:10:50]} 30. Nd3
{[%clk 0:31:19]} Nxd3 {[%clk 0:10:25]} 31. Bxd3 {[%clk 0:31:41]} Qh4
{[%clk 0:09:23]} 32. Re2 {[%clk 0:26:38]} Qg5 {[%clk 0:09:41]} 33. Ra1
{[%clk 0:24:36]} Qc5 {[%clk 0:09:49]} 34. Qc3 {[%clk 0:23:25]} e5
{[%clk 0:08:26]} 35. h3 {[%clk 0:23:00]} g6 {[%clk 0:08:10]} 36. Bc2
{[%clk 0:17:34]} Rb2 {[%clk 0:06:02]} 37. Rd2 {[%clk 0:17:25]} R2b4
{[%clk 0:04:26]} 38. Qd3 {[%clk 0:05:52]} R8b6 {[%clk 0:04:06]} 39. Bd1
{[%clk 0:02:41]} Kg7 {[%clk 0:03:36]} 40. Kh2 {[%clk 0:32:36]} h6
{[%clk 0:32:42]} 41. Re2 {[%clk 0:26:50]} Qc7 {[%clk 0:27:39]} 42. Rc1
{[%clk 0:23:29]} Qb8 {[%clk 0:25:20]} 43. Rc3 {[%clk 0:22:18]} Qc7
{[%clk 0:23:19]} 44. Nb3 {[%clk 0:18:01]} Rc6 {[%clk 0:22:44]} 45. Rec2
{[%clk 0:15:57]} a5 {[%clk 0:21:12]} 46. Nd2 {[%clk 0:15:45]} Rc5
{[%clk 0:19:43]} 47. Nf1 {[%clk 0:16:03]} Qc6 {[%clk 0:17:59]} 48. Bf3
{[%clk 0:14:43]} Bb7 {[%clk 0:17:20]} 49. Ne3 {[%clk 0:14:38]} Ba6
{[%clk 0:17:42]} 50. Be2 {[%clk 0:14:28]} Rb1 {[%clk 0:13:57]} 51. Nd5
{[%clk 0:12:23]} Qc8 {[%clk 0:13:04]} 52. Qf3 {[%clk 0:09:13]} Qd8
{[%clk 0:13:26]} 53. Rb3 {[%clk 0:08:38]} Rxb3 {[%clk 0:13:09]} 54. Qxb3
{[%clk 0:09:05]} Bc8 {[%clk 0:11:20]} 55. Qb8 {[%clk 0:07:49]} Rc6
{[%clk 0:11:17]} 56. Bg4 {[%clk 0:04:19]} h5 {[%clk 0:11:41]} 57. Bxc8
{[%clk 0:04:25]} Qxc8 {[%clk 0:11:31]} 58. Qa7 {[%clk 0:02:02]} Rxc4
{[%clk 0:07:57]} 59. Nb6 {[%clk 0:02:11]} Rxc2 {[%clk 0:08:22]} 60. Nxc8
{[%clk 0:02:34]} Rxc8 {[%clk 0:08:42]} 61. Qa6 {[%clk 0:02:00]} Rd8
{[%clk 0:05:27]} 62. Qb6 {[%clk 0:02:17]} Re8 {[%clk 0:05:22]} 63. Qxd6
{[%clk 0:02:39]} Re6 {[%clk 0:05:28]} 64. Qc5 {[%clk 0:02:41]} a4
{[%clk 0:05:49]} 65. Qa5 {[%clk 0:02:59]} Re7 {[%clk 0:05:23]} 66. Kg3
{[%clk 0:02:52]} Re6 {[%clk 0:05:24]} 67. Qxa4 {[%clk 0:03:03]} Re7
{[%clk 0:04:54]} 68. Kf3 {[%clk 0:03:04]} Rc7 {[%clk 0:03:28]} 69. Qa5
{[%clk 0:02:42]} Re7 {[%clk 0:03:57]} 70. Qc5 {[%clk 0:03:05]} Re6
{[%clk 0:04:13]} 71. Qc7 {[%clk 0:03:16]} Re8 {[%clk 0:04:15]} 72. Ke3
{[%clk 0:03:20]} Re6 {[%clk 0:04:38]} 73. Kd3 {[%clk 0:03:44]} Kf6
{[%clk 0:02:48]} 74. Kc4 {[%clk 0:02:59]} Kg7 {[%clk 0:03:17]} 75. Kd5
{[%clk 0:03:22]} Kf6 {[%clk 0:03:23]} 76. Qd8+ {[%clk 0:03:16]} Kg7
{[%clk 0:03:52]} 77. h4 {[%clk 0:03:15]} Kh7 {[%clk 0:02:59]} 78. Qd7
{[%clk 0:02:15]} Rf6 {[%clk 0:03:24]} 79. Kxe5 {[%clk 0:02:11]} Rf2
{[%clk 0:03:50]} 80. Qh3 {[%clk 0:01:39]} Ra2 {[%clk 0:03:44]} 81. Kf6
{[%clk 0:01:15]} Rf2+ {[%clk 0:04:08]} 82. Ke7 {[%clk 0:01:37]} Kg7
{[%clk 0:04:11]} 83. Qc3+ {[%clk 0:00:49]} Kg8 {[%clk 0:04:25]} 84. Qc8+
{[%clk 0:00:59]} Kh7 {[%clk 0:04:54]} 85. Qc5 {[%clk 0:00:58]} Rf4
{[%clk 0:05:03]} 86. Qd5 {[%clk 0:01:11]} Kg8 {[%clk 0:05:17]} 87. e5
{[%clk 0:00:43]} Rf5 {[%clk 0:05:45]} 88. Qe4 {[%clk 0:00:40]} Kg7
{[%clk 0:05:43]} 89. g3 {[%clk 0:00:56]} Rf1 {[%clk 0:05:32]} 90. Qd3
{[%clk 0:01:09]} Rf5 {[%clk 0:04:54]} 91. Qxf5 {[%clk 0:01:19]} gxf5
{[%clk 0:05:23]} 92. e6 {[%clk 0:01:42]} fxe6 {[%clk 0:05:45]} 93. Kxe6 1-0

[Event "Women's World Team Chess Championship"]
[Site "Khanty-Mansiysk, RUS."]
[Date "2017.06.23"]
[Round "6.1"]
[White "Zhukova Natalia (UKR)"]
[Black "Mamedjarova Zeinab (AZE)"]
[Result "1-0"]
[BlackElo "2289"]
[WhiteElo "2449"]
[LiveChessVersion "1.4.8"]

1. d4 {[%clk 1:30:56]} d5 {[%clk 1:30:52]} 2. c4 {[%clk 1:31:16]} dxc4
{[%clk 1:31:18]} 3. e4 {[%clk 1:31:26]} Nc6 {[%clk 1:31:43]} 4. Nf3
{[%clk 1:31:37]} Bg4 {[%clk 1:31:49]} 5. d5 {[%clk 1:31:44]} Ne5 {[%clk 1:32:03]}
6. Bf4 {[%clk 1:31:53]} Ng6 {[%clk 1:32:09]} 7. Be3 {[%clk 1:32:09]} Nf6
{[%clk 1:32:04]} 8. Nc3 {[%clk 1:32:01]} e5 {[%clk 1:32:00]} 9. Bxc4
{[%clk 1:32:00]} a6 {[%clk 1:29:13]} 10. Be2 {[%clk 1:31:59]} Bd6
{[%clk 1:29:12]} 11. Nd2 {[%clk 1:32:03]} Bd7 {[%clk 1:29:27]} 12. O-O
{[%clk 1:30:21]} O-O {[%clk 1:29:52]} 13. g3 {[%clk 1:26:05]} Qe7
{[%clk 1:26:10]} 14. Nc4 {[%clk 1:23:42]} Bb4 {[%clk 1:16:59]} 15. Bg5
{[%clk 0:59:30]} Bxc3 {[%clk 1:15:46]} 16. bxc3 {[%clk 0:57:06]} h6
{[%clk 1:16:01]} 17. Bxf6 {[%clk 0:56:54]} Qxf6 {[%clk 1:16:29]} 18. Ne3
{[%clk 0:55:06]} Rfd8 {[%clk 1:12:52]} 19. Bg4 {[%clk 0:50:40]} Nf8
{[%clk 1:08:46]} 20. Rb1 {[%clk 0:45:13]} b6 {[%clk 1:08:09]} 21. c4
{[%clk 0:40:23]} a5 {[%clk 0:58:36]} 22. Qe2 {[%clk 0:24:33]} Bxg4
{[%clk 0:56:27]} 23. Qxg4 {[%clk 0:24:18]} Nd7 {[%clk 0:56:31]} 24. h4
{[%clk 0:17:59]} Nc5 {[%clk 0:56:35]} 25. Kg2 {[%clk 0:12:57]} Kh7
{[%clk 0:41:49]} 26. h5 {[%clk 0:12:48]} Qg5 {[%clk 0:37:57]} 27. Qf3
{[%clk 0:12:17]} Rd6 {[%clk 0:37:06]} 28. Qf5+ {[%clk 0:08:43]} Qxf5
{[%clk 0:23:19]} 29. Nxf5 {[%clk 0:09:10]} Rd7 {[%clk 0:22:25]} 30. f3
{[%clk 0:09:00]} g6 {[%clk 0:13:09]} 31. Ne3 {[%clk 0:07:05]} Kg7
{[%clk 0:13:26]} 32. Rh1 {[%clk 0:06:48]} Rh8 {[%clk 0:11:11]} 33. Rh2
{[%clk 0:06:56]} Nb7 {[%clk 0:09:07]} 34. Rc1 {[%clk 0:03:34]} Rdd8
{[%clk 0:05:49]} 35. Kh3 {[%clk 0:02:32]} Rde8 {[%clk 0:02:50]} 36. Rd2
{[%clk 0:02:04]} Rd8 {[%clk 0:02:44]} 37. Kg2 {[%clk 0:01:13]} Rd7
{[%clk 0:02:03]} 38. Ng4 {[%clk 0:01:17]} Re7 {[%clk 0:02:05]} 39. hxg6
{[%clk 0:01:24]} fxg6 {[%clk 0:01:29]} 40. Nf2 {[%clk 0:31:51]} Nc5
{[%clk 0:30:36]} 41. Nd3 {[%clk 0:29:16]} Nxd3 {[%clk 0:13:56]} 42. Rxd3
{[%clk 0:29:39]} c5 {[%clk 0:11:48]} 43. d6 {[%clk 0:21:06]} Rd7 {[%clk 0:10:43]}
44. Rb1 {[%clk 0:21:14]} Rb8 {[%clk 0:10:14]} 45. f4 {[%clk 0:20:01]} Kf6
{[%clk 0:06:22]} 46. Rd5 {[%clk 0:20:04]} exf4 {[%clk 0:04:38]} 47. gxf4
{[%clk 0:20:21]} Ke6 {[%clk 0:03:46]} 48. e5 {[%clk 0:18:45]} Rf7
{[%clk 0:02:28]} 49. Kg3 {[%clk 0:17:51]} g5 {[%clk 0:02:06]} 50. Rh1
{[%clk 0:05:11]} gxf4+ {[%clk 0:02:02]} 51. Kf3 {[%clk 0:05:40]} Rh8
{[%clk 0:01:50]} 52. Rg1 {[%clk 0:04:03]} Kd7 {[%clk 0:00:34]} 53. Rg6
{[%clk 0:04:04]} Re8 {[%clk 0:00:45]} 54. Rxh6 {[%clk 0:04:10]} a4
{[%clk 0:00:43]} 55. a3 {[%clk 0:03:03]} Rg7 {[%clk 0:00:33]} 56. Kxf4
{[%clk 0:02:56]} Rf7+ {[%clk 0:00:35]} 57. Ke4 {[%clk 0:01:57]} Rg7
{[%clk 0:00:36]} 58. Kf5 {[%clk 0:01:48]} Rg1 {[%clk 0:00:36]} 59. e6+
{[%clk 0:02:05]} Kc6 {[%clk 0:00:36]} 60. d7 {[%clk 0:02:15]} Rf8+
{[%clk 0:00:42]} 61. Ke4 {[%clk 0:02:16]} Re1+ {[%clk 0:00:42]} 62. Kd3
{[%clk 0:02:39]} Rd1+ {[%clk 0:00:46]} 63. Kc2 {[%clk 0:02:49]} Rxd5
{[%clk 0:01:01]} 64. e7+ {[%clk 0:02:32]} 1-0

[Event "Women's World Team Chess Championship"]
[Site "Khanty-Mansiysk, RUS."]
[Date "2017.06.23"]
[Round "6.2"]
[White "Mammadzada Gunay (AZE)"]
[Black "Gaponenko Inna (UKR)"]
[Result "0-1"]
[BlackElo "2428"]
[WhiteElo "2368"]
[LiveChessVersion "1.4.8"]

1. e4 {[%clk 1:30:56]} c5 {[%clk 1:30:56]} 2. Nf3 {[%clk 1:31:20]} Nc6
{[%clk 1:31:21]} 3. d4 {[%clk 1:31:47]} cxd4 {[%clk 1:31:46]} 4. Nxd4
{[%clk 1:32:15]} g6 {[%clk 1:32:07]} 5. c4 {[%clk 1:32:29]} Nf6 {[%clk 1:32:31]}
6. Nc3 {[%clk 1:32:53]} d6 {[%clk 1:32:57]} 7. f3 {[%clk 1:32:26]} Bg7
{[%clk 1:31:43]} 8. Be3 {[%clk 1:32:47]} O-O {[%clk 1:31:05]} 9. Be2
{[%clk 1:32:59]} Nxd4 {[%clk 1:23:07]} 10. Bxd4 {[%clk 1:33:12]} Be6
{[%clk 1:22:54]} 11. O-O {[%clk 1:30:58]} Nd7 {[%clk 1:23:04]} 12. Bxg7
{[%clk 1:15:14]} Kxg7 {[%clk 1:23:28]} 13. Kh1 {[%clk 1:14:25]} a5
{[%clk 1:15:57]} 14. b3 {[%clk 1:07:34]} Nc5 {[%clk 0:54:51]} 15. f4
{[%clk 0:59:29]} f6 {[%clk 0:54:36]} 16. Qd2 {[%clk 0:54:06]} Qb6
{[%clk 0:51:14]} 17. Rab1 {[%clk 0:46:10]} Qb4 {[%clk 0:23:59]} 18. Qe3
{[%clk 0:34:31]} Qb6 {[%clk 0:19:23]} 19. Rf3 {[%clk 0:27:41]} Nd7
{[%clk 0:12:52]} 20. Qd2 {[%clk 0:27:43]} Qc5 {[%clk 0:08:33]} 21. Rbf1
{[%clk 0:20:41]} Nb6 {[%clk 0:04:53]} 22. f5 {[%clk 0:19:09]} Bf7
{[%clk 0:05:09]} 23. Nd5 {[%clk 0:16:06]} Bxd5 {[%clk 0:02:24]} 24. exd5
{[%clk 0:16:30]} Nd7 {[%clk 0:02:42]} 25. h4 {[%clk 0:16:16]} Ne5
{[%clk 0:01:08]} 26. Rg3 {[%clk 0:16:38]} a4 {[%clk 0:00:44]} 27. b4
{[%clk 0:13:40]} Qb6 {[%clk 0:01:14]} 28. a3 {[%clk 0:13:10]} Rac8
{[%clk 0:01:39]} 29. Rf4 {[%clk 0:13:10]} Qa7 {[%clk 0:01:18]} 30. Bd3
{[%clk 0:11:50]} Rh8 {[%clk 0:00:56]} 31. Qe2 {[%clk 0:06:05]} b5
{[%clk 0:01:25]} 32. fxg6 {[%clk 0:05:08]} h6 {[%clk 0:00:40]} 33. Kh2
{[%clk 0:03:00]} bxc4 {[%clk 0:01:02]} 34. Bxc4 {[%clk 0:03:25]} Rc7
{[%clk 0:01:20]} 35. Bb5 {[%clk 0:02:50]} Rc1 {[%clk 0:01:11]} 36. Qe3
{[%clk 0:02:01]} Qxe3 {[%clk 0:01:01]} 37. Rxe3 {[%clk 0:02:30]} h5
{[%clk 0:00:46]} 38. Kg3 {[%clk 0:00:33]} Kxg6 {[%clk 0:00:59]} 39. Bxa4
{[%clk 0:00:37]} Kf7 {[%clk 0:00:58]} 40. Re2 {[%clk 0:30:33]} Rg8+
{[%clk 0:30:46]} 41. Kh2 {[%clk 0:22:27]} Ng4+ {[%clk 0:28:25]} 42. Rxg4
{[%clk 0:20:13]} Rxg4 {[%clk 0:27:57]} 43. g3 {[%clk 0:14:20]} Rc3
{[%clk 0:11:41]} 44. Bd7 {[%clk 0:14:36]} Rd4 {[%clk 0:09:24]} 45. Be6+
{[%clk 0:13:05]} Kg7 {[%clk 0:09:36]} 46. Ra2 {[%clk 0:11:20]} Kg6
{[%clk 0:06:14]} 47. Kg2 {[%clk 0:06:13]} Rdd3 {[%clk 0:01:26]} 48. a4
{[%clk 0:06:38]} Rxg3+ {[%clk 0:01:43]} 49. Kh2 {[%clk 0:07:04]} f5
{[%clk 0:01:47]} 50. Bd7 {[%clk 0:03:29]} Rh3+ {[%clk 0:01:00]} 51. Kg1
{[%clk 0:03:47]} Ra3 {[%clk 0:01:00]} 52. Rxa3 {[%clk 0:01:18]} Rxa3
{[%clk 0:01:28]} 53. a5 {[%clk 0:01:30]} Kf6 {[%clk 0:01:04]} 54. Be8
{[%clk 0:00:34]} Ke5 {[%clk 0:01:16]} 55. Bxh5 {[%clk 0:00:43]} Ra4
{[%clk 0:01:03]} 56. Bg6 {[%clk 0:00:34]} Rxb4 {[%clk 0:01:25]} 57. h5
{[%clk 0:01:00]} Ra4 {[%clk 0:01:01]} 58. Bf7 {[%clk 0:00:51]} Kf6
{[%clk 0:01:01]} 0-1

[Event "Women's World Team Chess Championship"]
[Site "Khanty-Mansiysk, RUS."]
[Date "2017.06.23"]
[Round "6.3"]
[White "Osmak Iulija (UKR)"]
[Black "Fataliyeva Ulviyya (AZE)"]
[Result "1/2-1/2"]
[BlackElo "2341"]
[WhiteElo "2350"]
[LiveChessVersion "1.4.8"]

1. d4 {[%clk 1:30:56]} e6 {[%clk 1:30:59]} 2. Bf4 {[%clk 1:31:18]} d5
{[%clk 1:30:54]} 3. e3 {[%clk 1:31:39]} c5 {[%clk 1:31:07]} 4. c3
{[%clk 1:32:02]} Nc6 {[%clk 1:31:12]} 5. Nf3 {[%clk 1:32:07]} Nf6
{[%clk 1:31:28]} 6. Nbd2 {[%clk 1:32:22]} Bd6 {[%clk 1:31:49]} 7. Bg3
{[%clk 1:32:39]} O-O {[%clk 1:32:10]} 8. Bd3 {[%clk 1:33:00]} b6 {[%clk 1:32:22]}
9. e4 {[%clk 1:32:58]} Be7 {[%clk 1:26:35]} 10. e5 {[%clk 1:30:42]} Nd7
{[%clk 1:24:29]} 11. a3 {[%clk 1:23:04]} f6 {[%clk 1:20:55]} 12. exf6
{[%clk 1:21:32]} Nxf6 {[%clk 1:10:14]} 13. O-O {[%clk 1:18:36]} Bd6
{[%clk 1:06:39]} 14. Ne5 {[%clk 1:14:41]} Ne7 {[%clk 1:02:43]} 15. Qe2
{[%clk 1:11:15]} Nf5 {[%clk 0:59:04]} 16. Bxf5 {[%clk 1:03:59]} exf5
{[%clk 0:59:22]} 17. Nc6 {[%clk 1:03:37]} Qc7 {[%clk 0:56:39]} 18. Bxd6
{[%clk 1:02:06]} Qxd6 {[%clk 0:57:04]} 19. Ne5 {[%clk 1:02:20]} f4
{[%clk 0:51:56]} 20. Rfe1 {[%clk 1:00:14]} Bf5 {[%clk 0:50:29]} 21. b4
{[%clk 0:55:24]} Rac8 {[%clk 0:47:43]} 22. Rac1 {[%clk 0:52:04]} a5
{[%clk 0:43:55]} 23. Qb5 {[%clk 0:43:04]} axb4 {[%clk 0:38:41]} 24. axb4
{[%clk 0:43:22]} Ne4 {[%clk 0:38:22]} 25. Nxe4 {[%clk 0:24:28]} dxe4
{[%clk 0:37:57]} 26. Nc4 {[%clk 0:21:51]} Qg6 {[%clk 0:38:08]} 27. Ne5
{[%clk 0:18:18]} Qf6 {[%clk 0:32:13]} 28. Nc4 {[%clk 0:05:06]} cxd4
{[%clk 0:17:20]} 29. cxd4 {[%clk 0:05:18]} Qxd4 {[%clk 0:12:49]} 30. Nxb6
{[%clk 0:03:59]} Rxc1 {[%clk 0:11:09]} 31. Rxc1 {[%clk 0:04:26]} Rd8
{[%clk 0:05:48]} 32. h3 {[%clk 0:03:37]} e3 {[%clk 0:05:02]} 33. Qxf5
{[%clk 0:03:15]} exf2+ {[%clk 0:04:18]} 34. Kh2 {[%clk 0:02:40]} Qxb6
{[%clk 0:03:22]} 35. Qxf4 {[%clk 0:02:15]} Rf8 {[%clk 0:02:30]} 36. Qc4+
{[%clk 0:02:42]} Kh8 {[%clk 0:02:47]} 37. Rf1 {[%clk 0:03:10]} h6
{[%clk 0:00:57]} 38. Qc5 {[%clk 0:03:22]} Qb8+ {[%clk 0:00:39]} 39. Kh1
{[%clk 0:03:10]} Qf4 {[%clk 0:00:33]} 40. b5 {[%clk 0:33:21]} Rf6
{[%clk 0:30:34]} 41. b6 {[%clk 0:30:58]} Qb8 {[%clk 0:19:47]} 42. Rxf2
{[%clk 0:30:58]} Qxb6 {[%clk 0:20:05]} 43. Qc8+ {[%clk 0:30:44]} Kh7
{[%clk 0:20:28]} 44. Qc2+ {[%clk 0:31:01]} Kh8 {[%clk 0:20:51]} 45. Rxf6
{[%clk 0:31:22]} Qxf6 {[%clk 0:21:17]} 46. Qc8+ {[%clk 0:31:48]} 1/2-1/2